Normal view
MARC view
Entry Personal Name
001 - CONTROL NUMBER
- control field: 1151661
003 - CONTROL NUMBER IDENTIFIER
- control field: OSt
005 - DATE AND TIME OF LATEST TRANSACTION
- control field: 20260324114648.0
008 - FIXED-LENGTH DATA ELEMENTS
- fixed length control field: 260324|| aca||aabn | a|a d
040 ## - CATALOGING SOURCE
- Original cataloging agency: OSt
- Transcribing agency: OSt
100 ## - HEADING--PERSONAL NAME
- Personal name: Vinita Vishwakarma; Dawn S S; K. Gobi Saravanan; Saravanamuthu Vigneswaran; Gayathri Naidu; A. M. Kamalan Kirubaharan
670 ## - SOURCE DATA FOUND
- Source citation: Work cat.: (OSt)1741975: Vinita Vishwakarma; Dawn S S; K. Gobi Saravanan; Saravanamuthu Vigneswaran; Gayathri Naidu; A. M. Kamalan Kirubaharan, Polymetallic Coatings to Control Biofouling in Pipelines
